Widok standardowy
Widok MARC
Pozycja Corporate Name
Liczba rekordów, w których użyto hasła: 1
001 - Numer kontrolny
- control field: 40625
003 - Identyfikator numeru kontrolnego
- control field: NUKAT
005 - Data i czas ostatniej modyfikacji
- control field: 20260427110301.0
008 - Dane kontrolne kodowane (40 znaków)
- fixed length control field: 050120n||azznnbabn |a ana |
010 ## - Numer kontrolny Biblioteki Kongresu
- numer kontrolny LC: p 2004306601
035 ## - Numer systemowy
- numer systemowy: a10067450
040 ## - Instytucja sporządzająca rekord
- inst. przygot. dane do rek. khw: WA N
- język haseł przedmiotowych/tezaurus: DBN
- inst. wprow. rek. khw: WA N
043 ## - Kod obszaru geograficznego
- ISO code: PL
110 2# - Hasło - nazwa ciała zbiorowego
- nazwa ciała zbior. lub geogr. na pocz.: Narodowa Organizacja Wojskowa (1939-1943)
410 2# - Trop zob. - nazwa ciała zbiorowego
- nazwa ciała zbior. lub geogr. na pocz.: NOW
510 2# - Trop zob. też - nazwa ciała zbiorowego
- nazwa ciała zbior. lub geogr. na pocz.: Armia Krajowa (AK)
510 2# - Trop zob. też - nazwa ciała zbiorowego
- nazwa ciała zbior. lub geogr. na pocz.: Narodowe Siły Zbrojne
510 2# - Trop zob. też - nazwa ciała zbiorowego
- nazwa ciała zbior. lub geogr. na pocz.: Narodowe Zjednoczenie Wojskowe
510 2# - Trop zob. też - nazwa ciała zbiorowego
- nazwa ciała zbior. lub geogr. na pocz.: Stronnictwo Narodowe (1928-1947)